<?xml version="1.0" encoding="UTF-8"?><?xml-stylesheet type="text/xsl" href="static/style.xsl"?><OAI-PMH xmlns="http://www.openarchives.org/OAI/2.0/" xmlns:xsi="http://www.w3.org/2001/XMLSchema-instance" xsi:schemaLocation="http://www.openarchives.org/OAI/2.0/ http://www.openarchives.org/OAI/2.0/OAI-PMH.xsd"><responseDate>2026-06-07T06:24:01Z</responseDate><request verb="GetRecord" identifier="oai:riuma.uma.es:10630/22972" metadataPrefix="marc">https://riuma.uma.es/rest/oai/request</request><GetRecord><record><header><identifier>oai:riuma.uma.es:10630/22972</identifier><datestamp>2026-02-03T11:15:53Z</datestamp><setSpec>com_10630_2254</setSpec><setSpec>col_10630_37953</setSpec></header><metadata><record xmlns="http://www.loc.gov/MARC21/slim" xmlns:dcterms="http://purl.org/dc/terms/" xmlns:doc="http://www.lyncode.com/xoai" xmlns:xsi="http://www.w3.org/2001/XMLSchema-instance" xsi:schemaLocation="http://www.loc.gov/MARC21/slim http://www.loc.gov/standards/marcxml/schema/MARC21slim.xsd">
   <leader>00925njm 22002777a 4500</leader>
   <datafield ind2=" " ind1=" " tag="042">
      <subfield code="a">dc</subfield>
   </datafield>
   <datafield ind2=" " ind1=" " tag="720">
      <subfield code="a">Cañete Valverde, Ángel Jesús</subfield>
      <subfield code="e">author</subfield>
   </datafield>
   <datafield ind2=" " ind1=" " tag="720">
      <subfield code="a">Amor-Pinilla, María Mercedes</subfield>
      <subfield code="e">author</subfield>
   </datafield>
   <datafield ind2=" " ind1=" " tag="720">
      <subfield code="a">Fuentes-Fernández, Lidia</subfield>
      <subfield code="e">author</subfield>
   </datafield>
   <datafield ind2=" " ind1=" " tag="260">
      <subfield code="c">2022-01</subfield>
   </datafield>
   <datafield ind2=" " ind1=" " tag="520">
      <subfield code="a">Edge Computing proposes to use the nearby devices in the frontier/Edge of the access network for deploying application tasks of IoT-based systems. However, the functionality of such cyber–physical systems, which is usually distributed in several devices and computers, imposes specific requirements on the infrastructure to run properly. The evolution of an application to meet new user requirements and the high diversity of hardware and software technologies in the IoT/Edge/Cloud can complicate the deployment of continuously evolving applications. The aim of our approach is to apply Multi Layer Feature Models, which capture the variability of applications and the software and hardware infrastructure, to support the deployment in edge-based environments of cyber–physical applications. With this multi-layered approach is possible to support the evolution of application and infrastructure independently. Considering that IoT/Edge/Cloud infrastructures are usually shared by many applications, the deployment process has to assure that there will be enough resources for all of them, informing developers about the feasible alternatives. We provide four modules so that the developer can calculate what is the configuration of minimal set of devices supporting application requirements of the evolved application. In addition, the developer can find what is the application configuration that can be hosted in the current infrastructure. The successive solutions of continuous deployment generated by our approach pursue the reduction of the system energy footprint and/or execution latency.</subfield>
   </datafield>
   <datafield ind1="8" ind2=" " tag="024">
      <subfield code="a">Angel Cañete, Mercedes Amor, Lidia Fuentes, Supporting IoT applications deployment on edge-based infrastructures using multi-layer feature models, Journal of Systems and Software, Volume 183, 2022</subfield>
   </datafield>
   <datafield ind1="8" ind2=" " tag="024">
      <subfield code="a">https://hdl.handle.net/10630/22972</subfield>
   </datafield>
   <datafield ind1="8" ind2=" " tag="024">
      <subfield code="a">https://doi.org/10.1016/j.jss.2021.111086</subfield>
   </datafield>
   <datafield tag="653" ind2=" " ind1=" ">
      <subfield code="a">Computación en nube</subfield>
   </datafield>
   <datafield tag="653" ind2=" " ind1=" ">
      <subfield code="a">Internet de las cosas</subfield>
   </datafield>
   <datafield ind2="0" ind1="0" tag="245">
      <subfield code="a">Supporting IoT applications deployment on edge-based infrastructures using multi-layer feature models</subfield>
   </datafield>
</record>
</metadata></record></GetRecord></OAI-PMH>